• 首页
  • 本馆介绍
  • 公告通知
  • 最新文献
  • 馆藏检索
  • 电子资源
  • 读者导购
  • 参考咨询
  • 我的图书馆
  • 登录
  • 详细信息显示
  • 放入我的书架
  • 预约/预借图书
  • 作者相关作品
  • 分类相关作品
  • 丛书相关作品
  • 出版社相关作品

书目信息

  • 表格格式
  • 工作单格式
  • 卡片格式
题名:
西欧中世纪社会史研究
    
 
作者: 刘新成 主编
分册:  
出版信息: 北京   人民出版社  2006
页数: 536页
开本: 22cm
丛书名:
单 册:
中图分类: K56
科图分类:
主题词: 社会发展史--西欧--中世纪
电子资源:
ISBN: 978-7-01-005625-8
000 00682nam0 2200217 450
001 1235137233
005 20121007094645.50
010    @a978-7-01-005625-8@dCNY53.00
100    @a20070726d2006 em y0chiy0110 ea
101 0  @achi
102    @aCN@b110000
105    @ay z 000yy
200 1  @a西欧中世纪社会史研究@f刘新成主编
210    @a北京@c人民出版社@d2006
215    @a536页@d22cm
330    @a本文集共收录20篇论文,涉及西苉古代中世纪社会史诸多方面,包括研究动态、社会史理论、日常生活、婚姻、家庭、妇女、知识和文化的传播与互动等等。
606 0  @a社会发展史@y西欧@z中世纪
690    @aK56@v4
701  0 @a刘新成@4主编
801  0 @aCN@bNLC@c20101222
905    @a10447@dK56@eJY31
    
    西欧中世纪社会史研究/刘新成主编.-北京:人民出版社,2006
    536页;22cm
    
    
    ISBN 978-7-01-005625-8:CNY53.00
    本文集共收录20篇论文,涉及西苉古代中世纪社会史诸多方面,包括研究动态、社会史理论、日常生活、婚姻、家庭、妇女、知识和文化的传播与互动等等。
●
相关链接 在E读中查询图书 在五车中查询图书 在当当中查询图书 在豆瓣中查询图书


正题名:西欧中世纪社会史研究     索取号:K56/JY31         预约/预借

序号 登录号 条形码 馆藏地/架位号 状态 备注
1 7832534   278325340   学院路分馆/ [索取号:K56/JY31] 在馆    
2 7832535   278325359   学院路分馆/ [索取号:K56/JY31] 在馆    
唐山师范学院图书馆 欢迎您!
大连网信软件有限公司© 版权所有